000 01487cam a22004097a 4500
003 CHAP
005 20220329142116.0
008 990601d1998 mx r 00110 eng d
010 _a78561
011 _a79533
035 _a89792
040 _cCHAP
090 _aFolleto 15392
100 0 0 _aSmale, Melinda.
_9106903
245 1 0 _aInstitutional change and discontinuities in farmers' use of hybrid maize seed and fertilizer in Malawi :
_bfindings from the 1996-97 CIMMYT/MoALD survey
_c/by Melinda Smale [an others]
260 _aMéxico, D.F. :
_bCentro Internacional de Mejoramiento de Maíz y Trigo,
_c1998.
300 _a37 p. :
_bgráfs. ; tablas
410 2 1 _aCIMMYT
490 0 _aEconomics. Working paper
_v; 98-01
590 _aBATCH-UPD
_b10
_c20130110
_lUCH01
_h0222
590 _aBATCH-UPD
_b10
_c20130110
_lUCH01
_h1211
590 _aBATCH-UPD
_b10
_c20130409
_lUCH01
_h2243
590 _aBATCH-UPD
_b10
_c20130410
_lUCH01
_h1105
590 _aBATCH-UPD
_b10
_c20130914
_lUCH01
_h1405
590 _aCONVERSION
_b10
_c20130109
_lUCH01
_h1344
650 1 4 _aFertilizantes para maíz.
_940625
650 1 4 _aMaíz
_xHíbridos.
_970974
650 1 4 _aMaíz
_xSemilla.
_971059
650 1 4 _aMaíz
_zAfrica.
_971089
700 0 _aPhiri, Allexander.
_987856
810 2 1 _aCIMMYT
_923309
830 0 _aEconomics. Working paper
_v; 98-01
_935222
901 _aBK
905 _aAlejandra Carrasco M.
942 _cFOLL
949 _aFolleto 15392
_bBC
_cFOLL
_d897921
_eTS1
_i89792
_kDonaciØn
_sb
999 _c78561
_d78561